| 000 | 00000nam##2200000za#4500 |
| 001 | 9.570255 |
| 003 | CaOODSP |
| 005 | 20220901140008 |
| 007 | cr ||||||||||| |
| 008 | 150406|1998||||xxc|||||o f|0| 0 eng|d |
| 040 | |aCaOODSP|beng |
| 043 | |an-cn--- |
| 086 | 1 |aJ3-8/1998-5E-PDF |
| 110 | 1 |aCanada.|bJustice Canada. |bPolicy Sector. |
| 245 | 10|aSynthesis of Department of Justice Canada research findings on spousal assault / |h[electronic resource]|c[by] Tammy Landau. |
| 260 | |aOttawa - Ontario : |bJustice Canada. |cMarch 1998. |
| 300 | |a23p.|btable |
| 490 | 1 |aWorking document|vWD1998-5e |
| 590 | |a11-08-Supp|b2011-06-16 |
| 720 | 1 |aLandau, Tammy |
| 775 | 08|tSynthèse des conclusions de recherches du ministère de la Justice du Canada sur la violence conjugale / |w(CaOODSP)9.601000 |
| 830 | #0|aWorking document ;|vWD1998-5e|w(CaOODSP)9.505668 |
| 856 | 40|ahttp://publications.gc.ca|qPDF|s57 KB|uhttps://publications.gc.ca/collections/collection_2011/jus/J3-8-1998-5-eng.pdf|yWD1998-5e |